Composición, abundancia y riqueza de especies de la comunidad de murciélagos en bosques de galería en la serranía de La Macarena (<Meta, Colombia>) (Registro nro. 10996)

Detalles MARC
000 -CABECERA
Campo de control 009280000a22002530004500
090 ## - CLASIFICACIÓN LOCAL
Colección AR
Consecutivo 01919
041 0# - IDIOMA
Código de idioma para texto/pista de sonido o título separado
100 1# - ASIENTO PRINCIPAL--NOMBRE PERSONAL
Nombre personal Sánchez Palomino, Pedro
245 10 - MENCION DE TITULO
Título Composición, abundancia y riqueza de especies de la comunidad de murciélagos en bosques de galería en la serranía de La Macarena (<Meta, Colombia>)
650 14 - ASIENTO SECUNDARIO DE MATERIA - TERMINO TEMATICO
Término temático o nombre geográfico como elemento de entrada Ecología
650 14 - ASIENTO SECUNDARIO DE MATERIA - TERMINO TEMATICO
Término temático o nombre geográfico como elemento de entrada Riqueza de especies
650 14 - ASIENTO SECUNDARIO DE MATERIA - TERMINO TEMATICO
Término temático o nombre geográfico como elemento de entrada Abundancia
650 14 - ASIENTO SECUNDARIO DE MATERIA - TERMINO TEMATICO
Término temático o nombre geográfico como elemento de entrada Murciélagos
651 #4 - ASIENTO SECUNDARIO DE MATERIA - NOMBRE GEOGRAFICO
-- Sierra de la Macarena
-- Meta
-- Colombia
653 ## - TERMINO DE INDIZACION - NO CONTROLADO
-- Carollia
-- Carollia perspicillata
653 ## - TERMINO DE INDIZACION - NO CONTROLADO
-- Artibeus
-- Artibeus planirostris
653 ## - TERMINO DE INDIZACION - NO CONTROLADO
-- Artibeus
-- Artibeus fuliginosus
653 ## - TERMINO DE INDIZACION - NO CONTROLADO
-- Desmodus
-- Desmodus rotundus
653 ## - TERMINO DE INDIZACION - NO CONTROLADO
-- Uroderma
-- Uroderma bilobatum
700 1# - ASIENTO SECUNDARIO - NOMBRE PERSONAL
Nombre personal Cadena G., Alberto
700 1# - ASIENTO SECUNDARIO - NOMBRE PERSONAL
Nombre personal Rivas Pava, María del Pilar
773 1# - Item fuente:
Título Caldasia
Especificación de materiales 45
Descripción física 2
Paginas del Articulo 301-312
Lugar, editorial y fecha de publicación 1993
Información sobre la relación 17
942 ## - ELEMENTOS ADICIONALES (KOHA)
Tipo de ítem Artículo
Existencias
Withdrawn status Lost status Damaged status No para préstamo Colección Ubicación Permanente Ubicación actual Fecha de adquisición Datos de publicación Seriada Total Checkouts Número topográfico Inventario / Código de Barras Date last seen Ejemplar Price effective from Forma de adquisición Tipo de material
      No para Préstamo Hemeroteca Bogotá Bogotá 27/02/2015 Fuera de circulación   AR 01919 012290 25/03/2015 1 25/03/2015   Artículo